Normal view
MARC view
- النوم
Entry Topical Term
001 - CONTROL NUMBER
- control field: 8074
003 - CONTROL NUMBER IDENTIFIER
- control field: JO-AjAnu
005 - DATE AND TIME OF LATEST TRANSACTION
- control field: 20230606071613.0
008 - FIXED-LENGTH DATA ELEMENTS
- fixed length control field: 230606|| aca||aabn | a|a d
040 ## - CATALOGING SOURCE
- Original cataloging agency: JO-AjAnu
- Transcribing agency: JO-AjAnu
150 ## - HEADING--TOPICAL TERM
- Topical term or geographic name entry element: النوم
670 ## - SOURCE DATA FOUND
- Source citation: Work cat.: (JO-AjAnu)4170: ليون،جوزيت ، سرية،هيثم ، النيحاوي،عمر/ترجمة, author 8073, مائة نصيحة ونصيحة للنوم